00530cam a22002171 4500001001300000003000400013005001700017008004100034010001700075035002000092040001800112042001200130050001700142100001600159245003900175250001300214260003400227300001900261650001500280999001700295sa 68011880 DLC20260227112605.0890420r1966uuuuio 000 0 dut  asa 68011880  a(OCoLC)23432894 aDLCcMiUdDLC apremarc00aHD37.I52bK60 aKomaruddin.10aEkonomi-perusahaan dan management. aEdisi 1. a[Bandung?]bAcademica,c1966. a250 p.c21 cm. 0aManagement c84171d84171